Estatísticas para Participantes do BBB 2016

Clique aqui para jogar o quiz

Estatísticas Gerais

  • Esse quiz foi jogado 9 vezes
  • A pontuação média é 12 de 14

Estatísticas das Respostas

HintResposta% Correto
Expulso(a)Ana Paula
100%
9º eliminado(a)Geralda
100%
2º LugarMaria Claudia
100%
Vencedor(a)Munik
100%
10º eliminado(a)Ronan
100%
4º eliminado(a)Juliana
86%
2º eliminado(a)Laércio
86%
8º eliminado(a)Matheus
86%
7º eliminado(a)Renan
86%
6º eliminado(a)Adélia
71%
3º eliminado(a)Daniel
71%
1º eliminado(a)Rosaly Harumi
71%
DesistenteAlan
57%
5º eliminado(a)Tamiel
57%

Distribuição das Pontuações

Percentil de Números Respondidos

Porcentagem de Pessoas com Cada Pontuação

Sua Pontuação Histórica

Você não jogou esse quiz